[Event "Warsaw Szansa rapid op"]
[Site "Warsaw"]
[Date "2023.09.17"]
[Round "1"]
[White "Urbaniak, Karol"]
[Black "Psyk, Radoslaw"]
[Result "0-1"]
[WhiteElo "1619"]
[BlackElo "2460"]
[PlyCount "84"]
[EventDate "2023.09.17"]
[EventType "swiss (rapid)"]
[EventRounds "9"]
[EventCountry "POL"]
[SourceTitle "EXT 2024"]
[Source "ChessBase"]
[SourceDate "2023.10.10"]
[SourceVersion "1"]
[SourceVersionDate "2023.10.10"]
[SourceQuality "1"]

1. e4 Nf6 2. Nc3 d5 3. exd5 Nxd5 4. Nf3 Nxc3 5. bxc3 c5 6. Bb5+ Bd7 7. Qe2 Nc6 8. 0-0 g6 9. Bxc6 Bxc6 10. Qe5 f6 11. Qxc5 Bxf3 12. gxf3 Qd7 13. a4 Kf7 14. Qc4+ Kg7 15. d4 Rc8 16. Qd3 Qd5 17. Rb1 b6 18. Bd2 h5 19. Qe4 Qd7 20. Rfe1 Qxa4 21. Qb7 Re8 22. d5 Qxc2 23. d6 Qxd2 24. dxe7 Kh6 25. exf8Q+ Rhxf8 26. Re7 Rxe7 27. Qxe7 Rc8 28. Re1 Qxc3 29. Re6 Qxf3 30. Re1 Rc4 31. Qf8+ Kg5 32. Re5+ Kh4 33. Re1 Rg4+ 34. Kf1 Qg2+ 35. Ke2 Re4+ 36. Kd3 Rxe1 37. Qxf6+ Kh3 38. Kd2 Qe4 39. Qc3+ Kg2 40. Qg3+ Kh1 41. f3 Re2+ 42. Kd1 Qc2# 0-1

[Event "POL-ch blitz"]
[Site "Suwalki"]
[Date "2022.09.24"]
[Round "1"]
[White "Urbaniak, Karol"]
[Black "Barglowski, Filip"]
[Result "1-0"]
[WhiteElo "1598"]
[BlackElo "2321"]
[PlyCount "91"]
[EventDate "2022.09.24"]
[EventType "swiss (blitz)"]
[EventRounds "15"]
[EventCountry "POL"]
[SourceTitle "CBM 210 Extra"]
[Source "ChessBase"]
[SourceDate "2022.11.30"]
[SourceVersion "1"]
[SourceVersionDate "2022.11.30"]
[SourceQuality "1"]

1. e4 e5 2. Nf3 d5 3. exd5 e4 4. Nd4 Qxd5 5. Nb3 Nf6 6. Nc3 Qe5 7. Be2 Nc6 8. d4 exd3 9. Qxd3 Bf5 10. Qb5 0-0-0 11. Be3 Bb4 12. 0-0 Bxc3 13. bxc3 Qxb5 14. Bxb5 Ne5 15. Nd4 Bg6 16. Rab1 a6 17. Be2 Nd5 18. Nf3 Nxc3 19. Nxe5 Nxe2+ 20. Kh1 Nd4 21. Nxg6 hxg6 22. c3 Nf5 23. Bc5 b6 24. Ba3 Rd2 25. Rb2 Rhd8 26. h3 Rxb2 27. Bxb2 Rd2 28. Ba1 Rxa2 29. c4 f6 30. Kh2 Nd6 31. c5 bxc5 32. Bc3 c4 33. Bb4 Kd7 34. Rc1 Rxf2 35. Kg3 Rb2 36. Bxd6 Kxd6 37. Rxc4 c5 38. Ra4 Rb3+ 39. Kf2 Rb6 40. Ke3 Kc6 41. Kf2 Kb5 42. Ra2 Re6 43. Kf3 c4 44. g4 g5 45. Kf2 c3 46. Ra3 1-0

[Event "Warsaw Szansa op"]
[Site "Warsaw"]
[Date "2022.09.18"]
[Round "11"]
[White "Goraj, Barbara"]
[Black "Urbaniak, Karol"]
[Result "1-0"]
[WhiteElo "2121"]
[BlackElo "1598"]
[PlyCount "63"]
[EventDate "2022.09.17"]
[EventType "swiss (rapid)"]
[EventRounds "11"]
[EventCountry "POL"]
[SourceTitle "EXT 2023"]
[Source "ChessBase"]
[SourceDate "2022.10.05"]
[SourceVersion "1"]
[SourceVersionDate "2022.10.05"]
[SourceQuality "1"]

1. e4 c5 2. Nf3 Nc6 3. d4 cxd4 4. Nxd4 g6 5. c4 Bg7 6. Be3 Qb6 7. Nb5 Qa5+ 8. N1c3 a6 9. Nd4 Qb4 10. Rb1 Nf6 11. f3 d6 12. Be2 0-0 13. a3 Qa5 14. 0-0 Nxd4 15. Bxd4 Be6 16. b4 Qc7 17. Nd5 Bxd5 18. exd5 Rfd8 19. Rc1 Qd7 20. Bb6 Re8 21. Qd2 e6 22. dxe6 Qxe6 23. Rfe1 d5 24. Bf2 Rad8 25. cxd5 Rxd5 26. Qa2 Qd7 27. Bc4 Rde5 28. Red1 Qe7 29. Bc5 Rxc5 30. bxc5 Nd7 31. Bxf7+ Kf8 32. Bxe8 1-0

[Event "Polanica Zdroj op-E 56th"]
[Site "Polanica Zdroj"]
[Date "2020.08.19"]
[Round "5"]
[White "Urbaniak, Karol"]
[Black "Kaminski, Mateusz"]
[Result "1-0"]
[WhiteElo "1612"]
[BlackElo "1441"]
[PlyCount "69"]
[EventDate "2020.08.15"]
[EventType "swiss"]
[EventRounds "9"]
[EventCountry "POL"]
[SourceTitle "CBM 198 Extra"]
[Source "ChessBase"]
[SourceDate "2020.11.30"]
[SourceVersion "1"]
[SourceVersionDate "2020.11.30"]
[SourceQuality "1"]

1. e4 e6 2. d4 d5 3. Nc3 Nf6 4. e5 Nfd7 5. f4 c5 6. Nf3 Nc6 7. Be3 Qb6 8. Rb1 cxd4 9. Bf2 Bb4 10. Be2 Qa5 11. Bxd4 Nxd4 12. Nxd4 Bxc3+ 13. bxc3 Qxc3+ 14. Kf1 a6 15. Rb3 Qa5 16. Rg3 0-0 17. Bd3 g6 18. h4 Nc5 19. h5 Nxd3 20. Qxd3 Qc7 21. Rgh3 b5 22. Qg3 Qc4+ 23. Ne2 Ra7 24. Qg5 Qxc2 25. Ng3 Rc7 26. Kg1 Qc5+ 27. Kh2 Qe7 28. Qh6 Bb7 29. hxg6 fxg6 30. Rh4 Rf7 31. Nf1 d4 32. Kg1 Rc2 33. Qxg6+ hxg6 34. Rh8+ Kg7 35. R1h7# 1-0

[Event "Warsaw-ch 68th"]
[Site "Warsaw"]
[Date "2019.11.15"]
[Round "4"]
[White "Urbaniak, Karol"]
[Black "Sadowski, Miroslaw"]
[Result "0-1"]
[WhiteElo "1812"]
[BlackElo "1998"]
[PlyCount "84"]
[EventDate "2019.11.12"]
[EventType "swiss"]
[EventRounds "9"]
[EventCountry "POL"]
[SourceTitle "CBM 193 Extra"]
[Source "ChessBase"]
[SourceDate "2020.01.31"]
[SourceVersion "1"]
[SourceVersionDate "2020.01.31"]
[SourceQuality "1"]

1. e4 d6 2. d4 Nf6 3. Nc3 e5 4. Nf3 Nbd7 5. Bc4 Be7 6. h3 c6 7. a4 a5 8. 0-0 0-0 9. Ba2 exd4 10. Nxd4 Nc5 11. Re1 Be6 12. Bf4 Bxa2 13. Rxa2 Ne6 14. Nxe6 fxe6 15. e5 Nd5 16. Nxd5 exd5 17. Qg4 dxe5 18. Bxe5 Bf6 19. Qd4 Bxe5 20. Rxe5 Qf6 21. Ra3 Rae8 22. f4 Rxe5 23. Qxe5 Qxf4 24. Qxf4 Rxf4 25. Rb3 Rb4 26. Re3 Rxb2 27. Re7 Rb4 28. Kf2 Rxa4 29. Rxb7 Rc4 30. Rb2 Kf7 31. Ke3 Ke6 32. Kd3 Rb4 33. Ra2 a4 34. c3 Re4 35. Ra1 h5 36. Kd2 g5 37. Kd3 Ke5 38. g3 h4 39. g4 Kf4 40. Rf1+ Kg3 41. Rf5 Kxh3 42. Rxg5 Rxg4 0-1

[Event "POL-Cup blind"]
[Site "Dzwirzyno"]
[Date "2019.09.05"]
[Round "5"]
[White "Urbaniak, Karol"]
[Black "Niecko, Stanislaw"]
[Result "1-0"]
[WhiteElo "1803"]
[BlackElo "1753"]
[PlyCount "41"]
[EventDate "2019.09.02"]
[EventType "swiss"]
[EventRounds "9"]
[EventCountry "POL"]
[SourceTitle "EXT 2020"]
[Source "ChessBase"]
[SourceDate "2019.10.17"]
[SourceVersion "1"]
[SourceVersionDate "2019.10.17"]
[SourceQuality "1"]

1. e4 d5 2. exd5 Qxd5 3. Nc3 Qd8 4. d4 e6 5. Nf3 Nf6 6. Bc4 c5 7. 0-0 cxd4 8. Nb5 a6 9. Nbxd4 b5 10. Bb3 Be7 11. Qe2 0-0 12. Rd1 Qc7 13. a4 b4 14. Bd2 Bb7 15. c3 Ne4 16. cxb4 Nxd2 17. Qxd2 e5 18. Rac1 Qb6 19. Nxe5 Bxb4 20. Qf4 Bd6 21. Bxf7+ 1-0

[Event "Warsaw YMCA Winter-B 210th"]
[Site "Warsaw"]
[Date "2019.03.28"]
[Round "13"]
[White "Urbaniak, Karol"]
[Black "Dominiczak, Adrian"]
[Result "1-0"]
[WhiteElo "1592"]
[BlackElo "1729"]
[PlyCount "57"]
[EventDate "2019.01.09"]
[EventType "swiss"]
[EventRounds "13"]
[EventCountry "POL"]
[SourceTitle "CBM 189 Extra"]
[Source "ChessBase"]
[SourceDate "2019.06.03"]
[SourceVersion "1"]
[SourceVersionDate "2019.06.03"]
[SourceQuality "1"]

1. e4 e6 2. d4 d5 3. e5 c5 4. c3 Nc6 5. Ne2 Nge7 6. Na3 cxd4 7. cxd4 Nf5 8. Nc2 Qb6 9. g3 Bb4+ 10. Nxb4 Qxb4+ 11. Bd2 Qxb2 12. Bc3 Qa3 13. Bh3 Nfe7 14. 0-0 b6 15. Rc1 Ba6 16. Re1 Bc4 17. Nf4 Nb4 18. Bxb4 Qxb4 19. Nh5 Rg8 20. Re3 Nc6 21. Qg4 Kd7 22. Rf3 Qf8 23. Rxc4 Nxe5 24. dxe5 dxc4 25. Qd4+ Ke8 26. Bxe6 Rd8 27. Qxc4 Qc5 28. Bxf7+ Kd7 29. Bxg8 1-0

[Event "Warsaw YMCA Winter-B 210th"]
[Site "Warsaw"]
[Date "2019.03.07"]
[Round "10"]
[White "Kasperski, Marcin"]
[Black "Urbaniak, Karol"]
[Result "1-0"]
[WhiteElo "1696"]
[BlackElo "1592"]
[PlyCount "67"]
[EventDate "2019.01.09"]
[EventType "swiss"]
[EventRounds "13"]
[EventCountry "POL"]
[SourceTitle "CBM 189 Extra"]
[Source "ChessBase"]
[SourceDate "2019.06.03"]
[SourceVersion "1"]
[SourceVersionDate "2019.06.03"]
[SourceQuality "1"]

1. c4 e5 2. g3 Nf6 3. Bg2 d5 4. cxd5 Nxd5 5. Nc3 c6 6. Nf3 Nxc3 7. bxc3 Qa5 8. 0-0 Bf5 9. Qb3 Nd7 10. Ng5 Bg6 11. Qxb7 Rb8 12. Qxc6 Be7 13. Ne4 Rb6 14. Nd6+ Bxd6 15. Qc8+ Ke7 16. Qxh8 h5 17. Qxg7 h4 18. d3 e4 19. Be3 Rb2 20. Bxe4 Bxe4 21. dxe4 h3 22. Qg5+ Qxg5 23. Bxg5+ f6 24. Be3 Rxe2 25. Bxa7 Ne5 26. a4 Nc4 27. Rfe1 Rc2 28. Bd4 Nd2 29. Re3 Nb3 30. Rd1 Ra2 31. Bxf6+ Kf7 32. Bd4 Rxa4 33. e5 Be7 34. g4 1-0

[Event "Warsaw YMCA Winter-B 210th"]
[Site "Warsaw"]
[Date "2019.02.14"]
[Round "6"]
[White "Prus, Maciej"]
[Black "Urbaniak, Karol"]
[Result "1-0"]
[WhiteElo "1611"]
[BlackElo "1592"]
[PlyCount "33"]
[EventDate "2019.01.09"]
[EventType "swiss"]
[EventRounds "13"]
[EventCountry "POL"]
[SourceTitle "CBM 189 Extra"]
[Source "ChessBase"]
[SourceDate "2019.06.03"]
[SourceVersion "1"]
[SourceVersionDate "2019.06.03"]
[SourceQuality "1"]

1. e4 e5 2. Nf3 Nc6 3. Bb5 a6 4. Ba4 Nf6 5. 0-0 Be7 6. Re1 b5 7. Bb3 0-0 8. c3 d5 9. exd5 Nxd5 10. Nxe5 Nxe5 11. Rxe5 Nf6 12. d4 Bd6 13. Re1 Ng4 14. h3 Qh4 15. Qf3 Nxf2 16. Qxf2 Bg3 17. Qxf7+ 1-0

[Event "Warsaw YMCA Winter-B 210th"]
[Site "Warsaw"]
[Date "2019.01.17"]
[Round "2"]
[White "Urbaniak, Karol"]
[Black "Omar, Mohamed"]
[Result "0-1"]
[WhiteElo "1592"]
[BlackElo "1788"]
[PlyCount "74"]
[EventDate "2019.01.09"]
[EventType "swiss"]
[EventRounds "13"]
[EventCountry "POL"]
[SourceTitle "CBM 189 Extra"]
[Source "ChessBase"]
[SourceDate "2019.06.03"]
[SourceVersion "1"]
[SourceVersionDate "2019.06.03"]
[SourceQuality "1"]

1. e4 Nf6 2. e5 Nd5 3. d4 d6 4. Nf3 Bg4 5. Bc4 dxe5 6. dxe5 e6 7. 0-0 Nc6 8. Re1 Ndb4 9. Bd2 Bxf3 10. gxf3 Qd4 11. Bxe6 fxe6 12. c3 Qh4 13. cxb4 Rd8 14. Re4 Qh5 15. Qb3 Nd4 16. Rxd4 Rxd4 17. Qxe6+ Kd8 18. Be3 Rd1+ 19. Kg2 Be7 20. a4 Qg6+ 21. Qxg6 hxg6 22. Bd2 Kc8 23. Bc3 Rhd8 24. b3 R8d3 25. Bb2 Rxb3 26. Nc3 Rxa1 27. Bxa1 Bxb4 28. Nd5 Kd7 29. Nf4 g5 30. Ne2 c5 31. f4 gxf4 32. Nxf4 Bd2 33. e6+ Ke7 34. Ng6+ Kxe6 35. Ne5 Rb1 36. Nf3 Rxa1 37. Nxd2 Rxa4 0-1

[Event "Warsaw-chB 67th"]
[Site "Warsaw"]
[Date "2018.11.12"]
[Round "1"]
[White "Urbaniak, Karol"]
[Black "Tomczyk, Ryszard"]
[Result "1-0"]
[WhiteElo "1661"]
[BlackElo "1310"]
[PlyCount "141"]
[EventDate "2018.11.12"]
[EventType "swiss"]
[EventRounds "9"]
[EventCountry "POL"]
[SourceTitle "EXT 2020"]
[Source "ChessBase"]
[SourceDate "2019.10.17"]
[SourceVersion "1"]
[SourceVersionDate "2019.10.17"]
[SourceQuality "1"]

1. e4 c5 2. Nf3 d6 3. d4 cxd4 4. Nxd4 g6 5. Nc3 Bg7 6. Bb5+ Bd7 7. Bxd7+ Nxd7 8. Be3 Ngf6 9. 0-0 Nc5 10. Qf3 a5 11. Rad1 Qc8 12. Bg5 Qg4 13. Bxf6 Qxf3 14. gxf3 Bxf6 15. Nd5 0-0 16. Nxf6+ exf6 17. Nb5 Rac8 18. Nxd6 Rc6 19. b3 Rb8 20. Rd5 b6 21. Rfd1 Ne6 22. Nc4 Kf8 23. Rd7 b5 24. Ne3 Ke8 25. Ra7 a4 26. bxa4 bxa4 27. Rxa4 Nf4 28. Kf1 Rbc8 29. Ra7 R6c7 30. Rxc7 Rxc7 31. c4 Rc5 32. Nd5 Nh5 33. Rc1 Kd7 34. Ke2 Ke6 35. Ke3 f5 36. Nf4+ Nxf4 37. Kxf4 f6 38. Ke3 g5 39. Kd4 Ra5 40. Rc2 Ra3 41. c5 Ra4+ 42. Kc3 fxe4 43. fxe4 Kd7 44. Kd3 Kc6 45. Ke3 Ra5 46. Kf3 h5 47. Kg3 Ra3+ 48. Kg2 Ra5 49. f3 Ra3 50. h3 Ra5 51. Kg3 Ra3 52. h4 Rd3 53. hxg5 fxg5 54. Rh2 g4 55. Rxh5 Rxf3+ 56. Kxg4 Ra3 57. Rh2 Rc3 58. Rd2 Rxc5 59. Kf4 Rh5 60. e5 Rh4+ 61. Kf5 Rh3 62. Kf6 Rf3+ 63. Ke7 Re3 64. e6 Rh3 65. Kf7 Rh7+ 66. Kg6 Re7 67. Kf6 Rh7 68. e7 Rh8 69. Kg7 Ra8 70. Kf7 Ra7 71. Kf8 1-0

[Event "Warsaw YMCA Spring-B 199th"]
[Site "Warsaw"]
[Date "2018.05.22"]
[Round "8"]
[White "Urbaniak, Karol"]
[Black "Matyszkiewicz, Wiktor"]
[Result "0-1"]
[WhiteElo "1545"]
[BlackElo "1732"]
[PlyCount "74"]
[EventDate "2018.04.06"]
[EventType "tourn"]
[EventRounds "13"]
[EventCountry "POL"]
[SourceTitle "EXT 2021"]
[Source "ChessBase"]
[SourceDate "2020.10.23"]
[SourceVersion "1"]
[SourceVersionDate "2020.10.23"]
[SourceQuality "1"]

1. e4 c5 2. Nc3 d6 3. d4 cxd4 4. Qxd4 Nc6 5. Qd2 Nf6 6. b3 g6 7. Bb2 Bg7 8. 0-0-0 0-0 9. Kb1 a6 10. f3 b5 11. g4 Bd7 12. h4 b4 13. Nd5 e6 14. Nxf6+ Bxf6 15. g5 Bxb2 16. Kxb2 a5 17. h5 a4 18. hxg6 fxg6 19. Bc4 Ne5 20. Qxb4 Nxc4+ 21. Qxc4 axb3 22. cxb3 Qa5 23. a4 Rfc8 24. Qd4 Bxa4 25. Rxh7 Kxh7 26. Ne2 Qe5 27. Qxe5 dxe5 28. bxa4 Rxa4 29. Rd7+ Kg8 30. Nc1 Rac4 31. Nb3 Rc2+ 32. Ka3 R2c3 33. Kb4 Rxf3 34. Nc5 Rf7 35. Rd6 Rfc7 36. Nb3 Rb8+ 37. Ka3 Rc3 0-1

[Event "Warsaw YMCA Spring-B 199th"]
[Site "Warsaw"]
[Date "2018.04.13"]
[Round "1"]
[White "Urbaniak, Karol"]
[Black "Adamski, Adam"]
[Result "1/2-1/2"]
[WhiteElo "1545"]
[BlackElo "1666"]
[PlyCount "110"]
[EventDate "2018.04.06"]
[EventType "tourn"]
[EventRounds "13"]
[EventCountry "POL"]
[SourceTitle "EXT 2021"]
[Source "ChessBase"]
[SourceDate "2020.10.23"]
[SourceVersion "1"]
[SourceVersionDate "2020.10.23"]
[SourceQuality "1"]

1. e4 c5 2. Nf3 d6 3. d4 cxd4 4. Nxd4 Nf6 5. Nc3 a6 6. Be2 e5 7. Nf3 Be7 8. 0-0 h6 9. Ne1 Be6 10. f4 exf4 11. Rxf4 Nc6 12. Nd3 Ne5 13. Nxe5 dxe5 14. Rf1 Qb6+ 15. Kh1 Rd8 16. Qe1 0-0 17. Qg3 Kh7 18. a3 Rd7 19. Rb1 Qc7 20. b4 Rc8 21. Bb2 b5 22. Rbd1 Ng8 23. Rxd7 Qxd7 24. Qxe5 Bf6 25. Qg3 Qd2 26. e5 Bg5 27. Bd3+ g6 28. Ne4 Qe3 29. Nxg5+ Qxg5 30. Qxg5 hxg5 31. Bc1 Rc3 32. Rf3 Kg7 33. Be4 Rc4 34. Bd3 Rc3 35. Bb2 Rc7 36. Be4 Ne7 37. Rc3 Rd7 38. Rd3 Rxd3 39. cxd3 Bf5 40. e6+ f6 41. Bb7 Bxe6 42. Bxa6 Bd7 43. Bb7 Kf7 44. Kg1 Ke6 45. Kf2 f5 46. h3 Nd5 47. Bg7 g4 48. hxg4 fxg4 49. Bd4 Ne7 50. Ke2 Nc6 51. Bb2 Kd6 52. Ba6 Ne7 53. Bb7 Nc6 54. Ke3 Kc7 55. Bxc6 Kxc6 1/2-1/2

[Event "Warsaw YMCA Summer-B 188th"]
[Site "Warsaw"]
[Date "2017.07.27"]
[Round "6"]
[White "Kwiek, Janusz"]
[Black "Urbaniak, Karol"]
[Result "1-0"]
[WhiteElo "1475"]
[BlackElo "1504"]
[PlyCount "73"]
[EventDate "2017.07.04"]
[EventType "tourn"]
[EventRounds "10"]
[EventCountry "POL"]
[SourceTitle "EXT 2019"]
[Source "ChessBase"]
[SourceDate "2018.10.10"]
[SourceVersion "1"]
[SourceVersionDate "2018.10.10"]
[SourceQuality "1"]

1. Nf3 Nc6 2. d4 d5 3. c4 e6 4. e3 Nge7 5. Nc3 g6 6. Be2 dxc4 7. Bxc4 Bg7 8. 0-0 0-0 9. Rb1 Nd5 10. Bd2 b6 11. a3 a5 12. Qe2 Bb7 13. Rfc1 Nce7 14. Rc2 Bc6 15. Rbc1 Nxc3 16. Bxc3 Be4 17. Bd3 Bxd3 18. Qxd3 c5 19. Qb5 cxd4 20. Bxd4 Bxd4 21. Nxd4 Qd6 22. g3 Rac8 23. Rxc8 Rxc8 24. Rxc8+ Nxc8 25. Qe8+ Qf8 26. Qd7 Qc5 27. Nc6 Nd6 28. Nd8 Qc1+ 29. Kg2 Qd2 30. h4 Qd5+ 31. Kh2 Qd2 32. Kh3 h5 33. Nxf7 Qe1 34. Nh6+ Kh8 35. Kg2 Ne4 36. Qf7 Qxf2+ 37. Qxf2 1-0

[Event "Warsaw YMCA Spring-C 185th"]
[Site "Warsaw"]
[Date "2017.05.31"]
[Round "10"]
[White "Urbaniak, Karol"]
[Black "Mazurkiewicz, Wojciech"]
[Result "1-0"]
[WhiteElo "1490"]
[BlackElo "1482"]
[PlyCount "94"]
[EventDate "2017.04.06"]
[EventType "tourn"]
[EventRounds "13"]
[EventCountry "POL"]
[SourceTitle "EXT 2019"]
[Source "ChessBase"]
[SourceDate "2018.10.10"]
[SourceVersion "1"]
[SourceVersionDate "2018.10.10"]
[SourceQuality "1"]

1. e4 e5 2. Nf3 Nf6 3. d4 Nxe4 4. Nxe5 d6 5. Nf3 d5 6. Ne5 Bd6 7. Be2 0-0 8. 0-0 Re8 9. f4 f6 10. Ng4 Nc6 11. Nf2 Qe7 12. Bd3 Nxf2 13. Kxf2 Nxd4 14. Qh5 Nf5 15. Bxf5 Bc5+ 16. Kg3 g6 17. Bxg6 hxg6 18. Qxg6+ Qg7 19. Qxg7+ Kxg7 20. Nc3 c6 21. Bd2 d4 22. Na4 Bd6 23. b3 Bf5 24. c4 Re2 25. Rf2 Rae8 26. c5 Bc7 27. Nb2 Kf7 28. h3 d3 29. Raf1 b5 30. Nd1 a5 31. Nc3 R2e7 32. a3 Be6 33. b4 a4 34. Re1 Bc4 35. Rxe7+ Rxe7 36. Kf3 f5 37. g4 Be6 38. g5 Kg6 39. Rf1 Bc4 40. Re1 Bd8 41. Rxe7 Bxe7 42. Nd1 Bf8 43. Ke3 Bg7 44. Nf2 Bb2 45. Nxd3 Bxd3 46. Kxd3 Bg7 47. Bc3 Bf8 1-0

[Event "Warsaw YMCA Spring-C 185th"]
[Site "Warsaw"]
[Date "2017.05.24"]
[Round "9"]
[White "Derylo, Kamil"]
[Black "Urbaniak, Karol"]
[Result "0-1"]
[WhiteElo "1372"]
[BlackElo "1490"]
[PlyCount "58"]
[EventDate "2017.04.06"]
[EventType "tourn"]
[EventRounds "13"]
[EventCountry "POL"]
[SourceTitle "EXT 2019"]
[Source "ChessBase"]
[SourceDate "2018.10.10"]
[SourceVersion "1"]
[SourceVersionDate "2018.10.10"]
[SourceQuality "1"]

1. e4 e5 2. Nf3 Nc6 3. d4 exd4 4. Bc4 Nf6 5. e5 d5 6. Bb5 Ne4 7. Nxd4 Bd7 8. Bxc6 bxc6 9. f3 Qh4+ 10. Ke2 Qf2+ 11. Kd3 Nc5+ 12. Kc3 Na4+ 13. Kd3 c5 14. Ne2 Bb5+ 15. Kd2 g6 16. Qf1 Qh4 17. g3 Qe7 18. f4 d4 19. b3 d3 20. cxd3 0-0-0 21. bxa4 Rxd3+ 22. Ke1 Qd7 23. Nbc3 Bc6 24. Rg1 Rf3 25. Qg2 Rxc3 26. Qf2 Rf3 27. Qg2 Rxf4 28. Bxf4 Bxg2 29. Rxg2 c4 0-1

[Event "Warsaw YMCA Spring-C 185th"]
[Site "Warsaw"]
[Date "2017.05.17"]
[Round "8"]
[White "Urbaniak, Karol"]
[Black "Szynalski, Bartosz"]
[Result "0-1"]
[WhiteElo "1490"]
[BlackElo "1517"]
[PlyCount "64"]
[EventDate "2017.04.06"]
[EventType "tourn"]
[EventRounds "13"]
[EventCountry "POL"]
[SourceTitle "EXT 2019"]
[Source "ChessBase"]
[SourceDate "2018.10.10"]
[SourceVersion "1"]
[SourceVersionDate "2018.10.10"]
[SourceQuality "1"]

1. e4 c5 2. Nf3 d6 3. d4 cxd4 4. Nxd4 Nf6 5. Nc3 g6 6. Bc4 Bg7 7. 0-0 0-0 8. Be3 Nc6 9. Nxc6 bxc6 10. Bb3 Ng4 11. Qd2 Nxe3 12. Qxe3 Qb6 13. Qd2 Bd7 14. Kh1 Qb4 15. Rae1 a5 16. a3 Bxc3 17. Qxc3 Qxc3 18. bxc3 Rab8 19. a4 Rb6 20. e5 d5 21. c4 dxc4 22. Bxc4 Rb4 23. Bb3 c5 24. Ra1 c4 25. Ba2 Rxa4 26. Rfd1 Be6 27. Bxc4 Rxc4 28. Rxa5 Rxc2 29. f3 Rfc8 30. h3 Re2 31. f4 Rcc2 32. g4 Rh2+ 0-1

[Event "Warsaw YMCA Spring-C 185th"]
[Site "Warsaw"]
[Date "2017.05.10"]
[Round "6"]
[White "Urbaniak, Karol"]
[Black "Wangrat, Jan"]
[Result "1-0"]
[WhiteElo "1490"]
[BlackElo "1451"]
[PlyCount "53"]
[EventDate "2017.04.06"]
[EventType "tourn"]
[EventRounds "13"]
[EventCountry "POL"]
[SourceTitle "EXT 2019"]
[Source "ChessBase"]
[SourceDate "2018.10.10"]
[SourceVersion "1"]
[SourceVersionDate "2018.10.10"]
[SourceQuality "1"]

1. e4 c5 2. Nf3 Nc6 3. d4 cxd4 4. Nxd4 g6 5. Nc3 Bg7 6. Be3 Nf6 7. Bc4 0-0 8. 0-0 d6 9. Kh1 Ng4 10. Nxc6 bxc6 11. Qd2 Nxe3 12. Qxe3 Bd7 13. Rad1 Qc7 14. f4 Rab8 15. Bb3 e6 16. Ne2 Bxb2 17. Ng3 Rbe8 18. Qd2 d5 19. c3 Ba3 20. f5 exf5 21. exf5 Bd6 22. f6 Kh8 23. Qh6 Rg8 24. Rd4 g5 25. Bc2 Rg6 26. Bxg6 fxg6 27. Qg7# 1-0

[Event "Warsaw YMCA Spring-C 185th"]
[Site "Warsaw"]
[Date "2017.04.26"]
[Round "4"]
[White "Budrewicz, Henryk"]
[Black "Urbaniak, Karol"]
[Result "1-0"]
[WhiteElo "1427"]
[BlackElo "1490"]
[PlyCount "85"]
[EventDate "2017.04.06"]
[EventType "tourn"]
[EventRounds "13"]
[EventCountry "POL"]
[SourceTitle "EXT 2019"]
[Source "ChessBase"]
[SourceDate "2018.10.10"]
[SourceVersion "1"]
[SourceVersionDate "2018.10.10"]
[SourceQuality "1"]

1. d4 d5 2. e3 c5 3. c3 e6 4. Bd3 Nc6 5. f4 Be7 6. Nf3 Nf6 7. Nbd2 c4 8. Bc2 b5 9. a3 a5 10. Ne5 Qb6 11. 0-0 Ba6 12. Qf3 b4 13. Ba4 Bb5 14. Bxb5 Qxb5 15. axb4 0-0 16. g4 axb4 17. Rxa8 Rxa8 18. g5 Nxe5 19. fxe5 g6 20. gxf6 Bf8 21. e4 bxc3 22. bxc3 dxe4 23. Nxe4 Ra2 24. Qh3 Qa4 25. Bh6 Qc2 26. Nf2 Ba3 27. Qf3 Qa4 28. Qb7 Bf8 29. Bxf8 Kxf8 30. Qc8+ Qe8 31. Qc5+ Kg8 32. Qxc4 Ra4 33. Qb3 h5 34. Rb1 Ra8 35. Ne4 Qc6 36. Qb7 Qxb7 37. Rxb7 Ra1+ 38. Kg2 Ra2+ 39. Kg3 Re2 40. Ng5 Re3+ 41. Kf4 Rxc3 42. Rb8+ Rc8 43. Rxc8# 1-0

[Event "Warsaw YMCA Spring-C 185th"]
[Site "Warsaw"]
[Date "2017.04.13"]
[Round "1"]
[White "Urbaniak, Karol"]
[Black "Szumigaj, Marcin"]
[Result "1-0"]
[WhiteElo "1490"]
[BlackElo "1396"]
[PlyCount "115"]
[EventDate "2017.04.06"]
[EventType "tourn"]
[EventRounds "13"]
[EventCountry "POL"]
[SourceTitle "EXT 2019"]
[Source "ChessBase"]
[SourceDate "2018.10.10"]
[SourceVersion "1"]
[SourceVersionDate "2018.10.10"]
[SourceQuality "1"]

1. e4 c6 2. d4 d5 3. exd5 cxd5 4. c4 Nf6 5. Nc3 Nc6 6. c5 g6 7. Bb5 a6 8. Ba4 Bg7 9. Nf3 0-0 10. 0-0 Bg4 11. Bxc6 bxc6 12. Qd3 Bf5 13. Qe2 Qc7 14. Ne5 Nd7 15. Bf4 Nxe5 16. dxe5 Rfd8 17. b4 d4 18. Na4 Be6 19. Nb6 Rab8 20. Rfd1 Rxb6 21. cxb6 Qxb6 22. a3 h5 23. h3 Bf5 24. Rac1 Rd5 25. g4 hxg4 26. hxg4 Be6 27. Rc2 c5 28. bxc5 Rxc5 29. Rxc5 Qxc5 30. Qd3 Bxe5 31. Bxe5 Qxe5 32. Qxd4 Qxd4 33. Rxd4 Kg7 34. Re4 Kf8 35. Kh2 Bd5 36. Ra4 Bb7 37. Rb4 Bf3 38. Kg3 Be2 39. Kf4 f6 40. Ke3 Bb5 41. Rd4 Kf7 42. Kd2 Ke6 43. Kc3 f5 44. g5 Ke5 45. f4+ Ke6 46. Rd8 Kf7 47. Kd4 Ke6 48. Rb8 Be2 49. Rb6+ Kf7 50. Ke5 Bc4 51. Rb2 Bd3 52. Rh2 Bc4 53. Rh7+ Ke8 54. Kd4 Bf7 55. Kc5 Kf8 56. Kb6 Bg8 57. Rh6 Kg7 58. Kxa6 1-0

[Event "POL-chT Blind Gr A"]
[Site "Zakopane"]
[Date "2008.03.18"]
[Round "10.5"]
[White "Iwancio, Lukasz"]
[Black "Urbaniak, Karol"]
[Result "1-0"]
[WhiteElo "2018"]
[BlackElo "1600"]
[PlyCount "25"]
[EventDate "2008.03.09"]
[EventType "team-swiss"]
[EventRounds "10"]
[EventCountry "POL"]
[SourceTitle "EXT 2019"]
[Source "ChessBase"]
[SourceDate "2018.10.10"]
[SourceVersion "1"]
[SourceVersionDate "2018.10.10"]
[SourceQuality "1"]

1. e4 c6 2. d4 d5 3. Nc3 dxe4 4. Nxe4 Bf5 5. Ng3 Bg6 6. h4 h6 7. Nf3 Nd7 8. h5 Bh7 9. Bd3 Bxd3 10. Qxd3 Ngf6 11. Bf4 Nd5 12. Be5 f6 13. Qg6# 1-0